Statystyki dla Znaki interpunkcyjne

Kliknij tutaj aby rozwiązać quiz!

Ogólne statystyki

  • Ten quiz został rozwiązany 28 976 razy
  • Średni wynik to 9 z 10

Statystyki odpowiedzi

Nazwa znaku% Poprawnych
.Kropka
100%
,Przecinek
100%
?Pytajnik
97%
!Wykrzyknik
97%
:Dwukropek
95%
(Nawias
94%
-Myślnik
90%
„”Cudzysłów
88%
...Wielokropek
84%
;Średnik
71%

Rozkład punktacji

Percentyl według liczby udzielonych odpowiedzi

Procent ludzi z każdym wynikiem

Twoja historia wyników

Nie rozwiązałeś tego quizu